HUMAN ANATOMY : LOWER LIMB / ABDOMEN (Record no. 3977)

MARC details
000 -LEADER
fixed length control field 00373nam a2200145Ia 4500
008 - FIXED-LENGTH DATA ELEMENTS--GENERAL INFORMATION
fixed length control field 150201s2005 xx 000 0 und d
082 ## - DEWEY DECIMAL CLASSIFICATION NUMBER
Classification number 611
Item number H2005C
100 ## - MAIN ENTRY--PERSONAL NAME
Personal name CHAURASIAS,B.D.
245 ## - TITLE STATEMENT
Title HUMAN ANATOMY : LOWER LIMB / ABDOMEN
250 ## - EDITION STATEMENT
Edition statement 4TH
260 ## - PUBLICATION, DISTRIBUTION, ETC. (IMPRINT)
Name of publisher, distributor, etc. C.B.S PUBLISHERS & DISTRIBUTERS
Place of publication, distribution, etc. DELHI
Date of publication, distribution, etc. 2005
300 ## - PHYSICAL DESCRIPTION
Extent 1-430
650 ## - SUBJECT ADDED ENTRY--TOPICAL TERM
Topical term or geographic name as entry element ANATOMY
942 ## - ADDED ENTRY ELEMENTS (KOHA)
Source of classification or shelving scheme Dewey Decimal Classification
Koha item type Books
Koha issues (borrowed), all copies 2
Holdings
Withdrawn status Lost status Source of classification or shelving scheme Damaged status Not for loan Home library Current library Date acquired Source of acquisition Cost, normal purchase price Serial Enumeration / chronology SGTU Bill Number Total Checkouts Full call number Barcode Date last seen Date last checked out Bill Date Koha item type
    Dewey Decimal Classification     SGT Dental Library SGT Dental Library 18/02/2008 U.B.S.DELHI 325.00 2 SGTU 1023 12 611 H2005C FD5053 07/02/2022 17/12/2021 14/01/2013 Books
    Dewey Decimal Classification     SGT Dental Library SGT Dental Library 18/02/2008 U.B.S.DELHI 325.00 2 SGTU 1023   611 H2005C FD5054 09/02/2015   14/01/2013 Books
    Dewey Decimal Classification     SGT Dental Library SGT Dental Library 18/02/2008 U.B.S.DELHI 325.00 2 SGTU 1023 4 611 H2005C FD5055 01/05/2017 27/03/2017 14/01/2013 Books
    Dewey Decimal Classification     SGT Dental Library SGT Dental Library 18/02/2008 U.B.S.DELHI 325.00 2 SGTU 1023   611 H2005C FD5056 09/02/2015   14/01/2013 Books
    Dewey Decimal Classification     SGT Dental Library SGT Dental Library 18/02/2008 U.B.S.DELHI 325.00 2 SGTU 1023 1 611 H2005C FD5057 21/09/2023 21/09/2023 14/01/2013 Books
    Dewey Decimal Classification     SGT Dental Library SGT Dental Library 18/02/2008 U.B.S.DELHI 325.00 2 SGTU 1023 11 611 H2005C FD5058 10/06/2019 03/06/2019 14/01/2013 Books
    Dewey Decimal Classification     SGT Dental Library SGT Dental Library 18/02/2008 U.B.S.DELHI 325.00 2 SGTU 1023 1 611 H2005C FD5059 23/06/2021 23/06/2021 14/01/2013 Books
    Dewey Decimal Classification     SGT Dental Library SGT Dental Library 18/02/2008 U.B.S.DELHI 325.00 2 SGTU 1023 4 611 H2005C FD5060 18/06/2018 04/06/2018 14/01/2013 Books